Vers la maitrise du texte
Αποθηκεύτηκε σε:
| Κύριος συγγραφέας: | |
|---|---|
| Άλλοι συγγραφείς: | |
| Μορφή: | Βιβλίο |
| Γλώσσα: | French |
| Δημοσίευση: |
Paris :
Hachette,
[1991-1992]
|
| Θέματα: | |
| Ετικέτες: |
Προσθήκη ετικέτας
Δεν υπάρχουν, Καταχωρήστε ετικέτα πρώτοι!
|
MARC
| LEADER | 00000nam a2200000 i 4500 | ||
|---|---|---|---|
| 001 | 1/75831 | ||
| 008 | 971105m19911992 fre d | ||
| 020 | |a 2-01-018716-4 (v.1) | ||
| 020 | |a 2-01-017126-8 (v.2) | ||
| 035 | |a 1993 |b 3 |c Χριστοδουλίδου |l 10032234 | ||
| 040 | |a GR-MY-UA |b gre |e aacr | ||
| 041 | 0 | |a fre | |
| 082 | 0 | |a 448 | |
| 100 | 1 | |a Neveu, Franck. | |
| 245 | 1 | 0 | |a Vers la maitrise du texte / |c Franck Neveu, Denis Lemaitre |
| 260 | |a Paris : |b Hachette, |c [1991-1992] | ||
| 300 | |a 2 v. | ||
| 505 | 0 | |a v.1: Preparationaux exercices ecrits et oraux du baccalaureat : langue rhetorique stylistiquev.2: Initiation aux exercices ecrits du baccalaureat : syntaxe orthographe lexicologie | |
| 650 | 0 | 0 | |a French language |x Study and teaching |x Foreign speakers. |
| 700 | 1 | |a Lemaitre, Denis. | |
| 852 | |a INST |b RHODES |e 19971105 |h 448 NEV |p 005400009885 |q 005400009885 |t BK |y 0 |z v.2 | ||
| 852 | |a INST |b RHODES |e 19971105 |h 448 NEV |p 005400009887 |q 005400009887 |t BK |y 0 |z v.1 | ||
| 852 | |a INST |b RHODES |e 19971105 |h 448 NEV |p 005400009885 |q 005400009885 |t BK |v v.2: |y 0 |z v.2 | ||
| 852 | |a INST |b RHODES |e 19971105 |h 448 NEV |p 005400009887 |q 005400009887 |t BK |v v.1: |y 0 |z v.1 | ||
| 853 | |a INST |b RHODES |h 448 NEV | ||
| 909 | |a Ρ |b 033947 |c 1993 | ||
| 909 | |a Ρ |b 033948 |c 1993 | ||
| 970 | |z 2000/08/ΔΕΜΕΝΑΓΑΣ ΠΕΤΡΟΣ | ||